Normal view MARC view

Entry Personal Name

Number of records used in: 1

001 - CONTROL NUMBER

  • control field: 40798

003 - CONTROL NUMBER IDENTIFIER

  • control field: dpl

005 - DATE AND TIME OF LATEST TRANSACTION

  • control field: 20120204135256.0

008 - FIXED-LENGTH DATA ELEMENTS

  • fixed length control field: 120204|||a|||||| | ||| d

040 ## - CATALOGING SOURCE

  • Original cataloging agency: dpl
  • Transcribing agency: dpl

100 ## - HEADING--PERSONAL NAME

  • Personal name: Mueller, Scott

670 ## - SOURCE DATA FOUND

  • Source citation: Work cat.: (dpl): Mueller, Scott, Upgrading and repairing Microsoft windows /, 2006

670 ## - SOURCE DATA FOUND

  • Source citation: Work cat.: (dpl): Mueller, Scott, Upgrading and repairing Microsoft windows /, 2006

© Delhi Public Library
Hit Counter
free hit counter